书目信息 |
| 书名: | Fitness for Life | |
| 作者: | Allsen etc. | |
| 分册号: | ||
| 分册名: | 出版地: | MADISON : |
|
| 出版社: | Brown & Benchmark Pub | |
| 出版时间: | 1993. | |
| 页数: | 260 p. ; | |
| 开本: | 29cm. | |
| 丛书名: | ||
| 中图分类号: | ||
| 科图分类号: | ||
| 其他分类号: | R16 | |
| 主题词: | ||
| 电子资源: | ||
| 000 | 00440nam 2200157 a 4500 | |
| 001 | E0259527071 | |
| 005 | 2002042716320676 | |
| 008 | 020427s1993 00010 eng | |
| 020 | @a0-697-10061-8 :@cRMB 12.00. | |
| 040 | @aPFT@beng | |
| 090 | @aR16 | |
| 099 | @dR16@eA442 | |
| 245 | @aFitness for Life :@ban Individualized Approach / @cAllsen etc. | |
| 250 | @a5th ed. | |
| 260 | @aMADISON :@bBrown & Benchmark Pub.,@c1993. | |
| 300 | @a260 p. ;@c29cm. | |
| Fitness for Life : : an Individualized Approach / / Allsen etc.-5th ed.-MADISON : : Brown & Benchmark Pub., , 1993. |
| 260 p. ; ; 29cm. |
| ISBN 0-697-10061-8 :RMB 12.00. |
| ● |
| 相关链接 |
|
|
|
正题名:Fitness for Life
索取号:R16/A442
 
预约/预借
| 序号 | 登录号 | 条形码 | 馆藏地/架位号 | 状态 | 备注 |
| 1 | 03226 | 300032266 | 自科库401/401自科库 2排4列5层/ [索取号:R16/A442] | 在馆 |